[Event "Hastings Masters 2024/25 98th"]
[Site "Hastings"]
[Date "2024.12.28"]
[Round "1.38"]
[White "Bryant, Marc A"]
[Black "Suez-Panama, Gilles"]
[Result "0-1"]
[WhiteElo "1825"]
[BlackElo "1979"]
[PlyCount "88"]
[EventDate "2024.12.28"]
[EventType "swiss"]
[EventRounds "9"]
[EventCountry "ENG"]
[SourceTitle "BritBase"]
[Source "John Saunders"]
[SourceDate "2025.01.10"]
[SourceVersion "1"]
[SourceVersionDate "2025.01.10"]
[SourceQuality "1"]

1. c4 e5 2. Nc3 Nc6 3. e4 Bc5 4. a3 a5 5. Nf3 d6 6. h3 f5 7. d3 Nf6 8. Bg5 h6 9. Bxf6 Qxf6 10. Nd5 Qf7 11. Qa4 O-O 12. b4 Bd4 13. Ra2 fxe4 14. Nxd4 Nxd4 15. dxe4 Be6 16. Bd3 axb4 17. Qxb4 b6 18. Rf1 Bxd5 19. cxd5 Qf4 20. Qd2 Qh2 21. f3 Ra5 22. f4 Qg3+ 23. Kd1 Rxf4 24. Rxf4 exf4 25. Qc3 Qe3 26. Qd2 Qg1+ 27. Qe1 Qh2 28. Qf2 Nb5 29. Bxb5 Rxb5 30. Rc2 Qh1+ 31. Ke2 Rb1 32. Rd2 g5 33. Kd3 Rb3+ 34. Kc4 Rxa3 35. Kb5 Qb1+ 36. Kc6 Rc3+ 37. Kd7 Qxe4 38. h4 Qf5+ 39. Kd8 Qf8+ 40. Kd7 Qf7+ 41. Kc8 Re3 42. hxg5 hxg5 43. g3 c5 44. dxc6 Re8# 0-1

[Event "Hastings Masters 2024/25 98th"]
[Site "Hastings"]
[Date "2024.12.28"]
[Round "1.41"]
[White "Saunders, Aron"]
[Black "Zhou, Yang-Fan"]
[Result "1/2-1/2"]
[WhiteElo "2106"]
[BlackElo "2424"]
[PlyCount "88"]
[EventDate "2024.12.28"]
[EventType "swiss"]
[EventRounds "9"]
[EventCountry "ENG"]
[SourceTitle "BritBase"]
[Source "John Saunders"]
[SourceDate "2025.01.10"]
[SourceVersion "1"]
[SourceVersionDate "2025.01.10"]
[SourceQuality "1"]

1. e4 c5 2. Nf3 e6 3. b3 a6 4. Bb2 Nc6 5. Be2 Nf6 6. e5 Nd5 7. Nc3 Nxc3 8. Bxc3 d5 9. exd6 Bxd6 10. O-O e5 11. d3 O-O 12. Nd2 Nd4 13. Re1 b5 14. Bf3 Rb8 15. a4 Re8 16. axb5 axb5 17. Be4 f5 18. Bd5+ Kh8 19. g3 Bb7 20. Bxb7 Rxb7 21. Ra6 Rbe7 22. b4 cxb4 23. Bxd4 exd4 24. Rxe7 Bxe7 25. Re6 Bf6 26. Rxe8+ Qxe8 27. Qb1 Qe7 28. Qa2 h6 29. Nf3 Qc7 30. Qb3 Qc3 31. h4 f4 32. Kg2 Qc5 33. Nd2 Qh5 34. Ne4 fxg3 35. fxg3 Qe2+ 36. Kg1 Qd1+ 37. Kf2 Be5 38. Qa2 Kh7 39. Qb3 Qc1 40. Qa2 Qe3+ 41. Kg2 Qe2+ 42. Kg1 Qe3+ 43. Kg2 Qe2+ 44. Kg1 Bd6 1/2-1/2

[Event "Hastings Masters 2024/25 98th"]
[Site "Hastings"]
[Date "2024.12.28"]
[Round "1.54"]
[White "Raffin-Sumyk, Piermael"]
[Black "Kelly, Paul J"]
[Result "0-1"]
[WhiteElo "1512"]
[BlackElo "1839"]
[PlyCount "138"]
[EventDate "2024.12.28"]
[EventType "swiss"]
[EventRounds "9"]
[EventCountry "ENG"]
[SourceTitle "BritBase"]
[Source "John Saunders"]
[SourceDate "2025.01.10"]
[SourceVersion "1"]
[SourceVersionDate "2025.01.10"]
[SourceQuality "1"]

1. e4 e5 2. Nc3 Nf6 3. f4 d5 4. fxe5 Nxe4 5. Qf3 Nxc3 6. dxc3 Be6 7. Bd3 Nd7 8. Qe2 c5 9. Bb5 a6 10. Bxd7+ Qxd7 11. Nf3 h6 12. Be3 Qb5 13. Qxb5+ axb5 14. O-O Be7 15. a3 O-O 16. b4 b6 17. Rfb1 Rfb8 18. Nd2 Bf5 19. Rc1 Rb7 20. Ra2 cxb4 21. cxb4 Bxb4 22. Rb1 Bc5 23. Bxc5 bxc5 24. Nb3 Rc7 25. Rd1 d4 26. Rc1 Be6 27. Raa1 Bxb3 28. cxb3 c4 29. bxc4 bxc4 30. Kf2 Ra5 31. Rd1 Rd7 32. Rac1 Rc5 33. a4 c3 34. Rd3 Kf8 35. a5 Ke7 36. a6 Ra5 37. Kf3 Ke6 38. a7 Kxe5 39. Rcxc3 Rdxa7 40. Rc1 Kd5 41. Rc8 Rd7 42. Rc1 Rc5 43. Rxd4+ Kxd4 44. Rd1+ Ke5 45. Rxd7 Rc3+ 46. Kf2 Rc2+ 47. Kf3 Ke6 48. Rd3 h5 49. h3 g5 50. Re3+ Kf5 51. g4+ Kg6 52. gxh5+ Kxh5 53. Re7 Rc3+ 54. Kg2 f5 55. Re5 f4 56. Rf5 Rg3+ 57. Kh2 Kh4 58. Rc5 Rxh3+ 59. Kg2 Rb3 60. Kf2 g4 61. Rc4 Rb2+ 62. Kg1 Kg3 63. Rc1 f3 64. Rf1 Rg2+ 65. Kh1 Rh2+ 66. Kg1 f2+ 67. Rxf2 Rxf2 68. Kh1 Re2 69. Kg1 Re1# 0-1

[Event "Hastings Masters 2024/25 98th"]
[Site "Hastings"]
[Date "2024.12.29"]
[Round "2.1"]
[White "Vestby-Ellingsen, Mads"]
[Black "Zhang, Pengxiang"]
[Result "1-0"]
[WhiteElo "2383"]
[BlackElo "2567"]
[PlyCount "127"]
[EventDate "2024.12.28"]
[EventType "swiss"]
[EventRounds "9"]
[EventCountry "ENG"]
[SourceTitle "BritBase"]
[Source "John Saunders"]
[SourceDate "2025.01.10"]
[SourceVersion "1"]
[SourceVersionDate "2025.01.10"]
[SourceQuality "1"]

1. e4 c5 2. Nf3 e6 3. d4 cxd4 4. Nxd4 Nc6 5. Nc3 Qc7 6. Be3 a6 7. Qf3 b5 8. Qg3 Qxg3 9. hxg3 Bb7 10. Nb3 Nf6 11. f3 Be7 12. g4 d6 13. Be2 O-O 14. O-O-O Rac8 15. Rh3 Rfd8 16. Rdh1 h6 17. g5 Nd7 18. gxh6 g6 19. Rd1 Nc5 20. Kb1 b4 21. Nxc5 dxc5 22. Rxd8+ Rxd8 23. Na4 Nd4 24. Bd3 Kh7 25. Rh1 Bc6 26. Nb6 Bb5 27. Nc4 f6 28. Na5 e5 29. Bxb5 axb5 30. c3 bxc3 31. bxc3 Ne2 32. Nc6 Rd7 33. Nxe7 Rxe7 34. Kc2 Rc7 35. Rb1 b4 36. cxb4 cxb4+ 37. Kd2 Nf4 38. Rxb4 Nxg2 39. Bb6 Rd7+ 40. Kc3 Ne1 41. Rb1 Nxf3 42. a4 Nd4 43. a5 Rb7 44. a6 Rb8 45. Kc4 Ra8 46. Ra1 Kxh6 47. Kd5 Kg5 48. Kd6 Kf4 49. Kc7 Kxe4 50. Kb7 Rg8 51. a7 g5 52. Re1+ Kd5 53. Rc1 Nf5 54. Rd1+ Nd4 55. Rc1 Nf5 56. Bc7 Nd6+ 57. Ka6 Ra8 58. Rd1+ Ke4 59. Bxd6 g4 60. Rf1 f5 61. Re1+ Kf3 62. Rxe5 g3 63. Rxf5+ Kg4 64. Rf4+ 1-0

[Event "Hastings Masters 2024/25 98th"]
[Site "Hastings"]
[Date "2024.12.29"]
[Round "2.2"]
[White "Laurent-Paoli, Pierre"]
[Black "Grutter, Tim"]
[Result "1/2-1/2"]
[WhiteElo "2559"]
[BlackElo "2379"]
[PlyCount "102"]
[EventDate "2024.12.28"]
[EventType "swiss"]
[EventRounds "9"]
[EventCountry "ENG"]
[SourceTitle "BritBase"]
[Source "John Saunders"]
[SourceDate "2025.01.10"]
[SourceVersion "1"]
[SourceVersionDate "2025.01.10"]
[SourceQuality "1"]

1. d4 Nf6 2. c4 g6 3. Nc3 Bg7 4. e4 d6 5. Be2 O-O 6. h3 Nc6 7. Nf3 e5 8. d5 Nd4 9. Nxd4 exd4 10. Qxd4 Re8 11. Qd3 Qe7 12. f3 Nh5 13. g4 Ng3 14. Rg1 Qh4 15. Kd1 f5 16. gxf5 gxf5 17. Bd2 Nxe2 18. Qxe2 Kh8 19. Qg2 Bf6 20. Bg5 Bxg5 21. Qxg5 Qxg5 22. Rxg5 fxe4 23. Nxe4 Bxh3 24. Kd2 Rf8 25. Ke3 Bf5 26. Rh1 Rae8 27. b4 Rf6 28. c5 Bg6 29. Kd4 dxc5+ 30. bxc5 Ra6 31. Nc3 Rf6 32. Ne4 Ra6 33. Nc3 Rf6 34. Rh4 Kg7 35. f4 Re1 36. Re5 Rf1 37. Ke3 Re1+ 38. Kd4 Rf1 39. Ke3 Re1+ 40. Ne2 Rd1 41. Ng3 Rd3+ 42. Kf2 Ra6 43. f5 Rxa2+ 44. Ne2 Bf7 45. c6 Bxd5 46. cxb7 Bxb7 47. Rc4 Kf6 48. Re6+ Kxf5 49. Re7 Rdd2 50. Rf4+ Kg6 51. Re6+ Kg5 1/2-1/2

[Event "Hastings Masters 2024/25 98th"]
[Site "Hastings"]
[Date "2024.12.29"]
[Round "2.3"]
[White "Balaji, Aaravamudhan"]
[Black "Boyer, Mahel"]
[Result "0-1"]
[WhiteElo "2364"]
[BlackElo "2526"]
[PlyCount "74"]
[EventDate "2024.12.28"]
[EventType "swiss"]
[EventRounds "9"]
[EventCountry "ENG"]
[SourceTitle "BritBase"]
[Source "John Saunders"]
[SourceDate "2025.01.10"]
[SourceVersion "1"]
[SourceVersionDate "2025.01.10"]
[SourceQuality "1"]

1. d4 g6 2. e4 Bg7 3. Nc3 d6 4. Be3 Nf6 5. Nf3 O-O 6. Qd2 c6 7. h3 Nbd7 8. a4 e5 9. dxe5 dxe5 10. Qd6 Qa5 11. Nd2 Re8 12. Nc4 Qd8 13. Qd3 Qe7 14. O-O-O Bf8 15. Nd6 Rd8 16. Qc4 Nb6 17. Nxc8 Raxc8 18. Qb3 Rxd1+ 19. Kxd1 Rc7 20. Kc1 Nbd7 21. Be2 a6 22. a5 Qb4 23. Qa2 Bc5 24. Bd2 Nxe4 25. Nxe4 Qxe4 26. Bf3 Qh4 27. g3 Qf6 28. Be2 Nf8 29. Rf1 Rd7 30. h4 h5 31. Qc4 Ne6 32. g4 Rd4 33. Qb3 Nf4 34. Bd1 hxg4 35. Qxb7 g3 36. Qb8+ Rd8 37. Qc7 g2 0-1

[Event "Hastings Masters 2024/25 98th"]
[Site "Hastings"]
[Date "2024.12.29"]
[Round "2.4"]
[White "Stefansson, Vignir Vatnar"]
[Black "Waldhausen Gordon, Frederick"]
[Result "1/2-1/2"]
[WhiteElo "2537"]
[BlackElo "2355"]
[PlyCount "56"]
[EventDate "2024.12.28"]
[EventType "swiss"]
[EventRounds "9"]
[EventCountry "ENG"]
[SourceTitle "BritBase"]
[Source "John Saunders"]
[SourceDate "2025.01.10"]
[SourceVersion "1"]
[SourceVersionDate "2025.01.10"]
[SourceQuality "1"]

1. d4 Nf6 2. c4 e6 3. Nf3 d5 4. Nc3 Be7 5. g3 O-O 6. Bg2 dxc4 7. Ne5 c5 8. dxc5 Qc7 9. Nxc4 Qxc5 10. b3 Rd8 11. Ba3 Rxd1+ 12. Rxd1 Qh5 13. Bxe7 Nfd7 14. Bf3 Qg6 15. O-O f6 16. Na5 Na6 17. Nxb7 Rb8 18. Na5 Ne5 19. Rd8+ Kf7 20. Bd6 Nxf3+ 21. exf3 Qd3 22. Ne4 e5 23. Bc7 Qxf3 24. Nd6+ Kg6 25. Nxc8 Rb5 26. a4 Rc5 27. Bxe5 Rxe5 28. Nc4 Re6 1/2-1/2

[Event "Hastings Masters 2024/25 98th"]
[Site "Hastings"]
[Date "2024.12.29"]
[Round "2.5"]
[White "Xue, Haowen"]
[Black "Siva Mahadevan"]
[Result "1/2-1/2"]
[WhiteElo "2502"]
[BlackElo "2349"]
[PlyCount "83"]
[EventDate "2024.12.28"]
[EventType "swiss"]
[EventRounds "9"]
[EventCountry "ENG"]
[SourceTitle "BritBase"]
[Source "John Saunders"]
[SourceDate "2025.01.10"]
[SourceVersion "1"]
[SourceVersionDate "2025.01.10"]
[SourceQuality "1"]

1. c4 Nf6 2. Nf3 c6 3. g3 d5 4. Bg2 g6 5. O-O Bg7 6. b3 Ne4 7. d4 O-O 8. Bb2 Qa5 9. Nfd2 Nxd2 10. Qxd2 Qxd2 11. Nxd2 Rd8 12. Rac1 Na6 13. a3 Be6 14. Rfd1 c5 15. e3 Rab8 16. cxd5 Bxd5 17. Bxd5 Rxd5 18. Nf3 Rbd8 19. Rd2 e5 20. e4 R5d7 21. d5 Bh6 22. Bxe5 f5 23. Bf4 Bxf4 24. gxf4 fxe4 25. Ng5 Rxd5 26. Rxd5 Rxd5 27. Nxe4 Kg7 28. Kg2 b6 29. b4 h6 30. Rc4 Kf7 31. Nc3 Rd3 32. Nb5 Ke6 33. bxc5 Nxc5 34. Nxa7 Kd5 35. Rb4 Rxa3 36. Nc8 Nd3 37. Nxb6+ Kc6 38. Ra4 Rxa4 39. Nxa4 Nxf4+ 40. Kf3 Ne6 41. Nc3 Kd6 42. Ke4 1/2-1/2

[Event "Hastings Masters 2024/25 98th"]
[Site "Hastings"]
[Date "2024.12.29"]
[Round "2.6"]
[White "Lucas, Arthur"]
[Black "Ghazarian, Kirk"]
[Result "0-1"]
[WhiteElo "2335"]
[BlackElo "2501"]
[PlyCount "90"]
[EventDate "2024.12.28"]
[EventType "swiss"]
[EventRounds "9"]
[EventCountry "ENG"]
[SourceTitle "BritBase"]
[Source "John Saunders"]
[SourceDate "2025.01.10"]
[SourceVersion "1"]
[SourceVersionDate "2025.01.10"]
[SourceQuality "1"]

1. e4 e6 2. d4 d5 3. exd5 exd5 4. Nf3 Nc6 5. Bb5 Bd6 6. c4 dxc4 7. d5 a6 8. Ba4 b5 9. dxc6 bxa4 10. O-O Ne7 11. Nbd2 Be6 12. Qxa4 Bd5 13. Nxc4 Bxc6 14. Qd1 O-O 15. Nxd6 cxd6 16. Bf4 Ng6 17. Bg3 Qb6 18. Qxd6 Rad8 19. Qc7 Qxc7 20. Bxc7 Rd7 21. Ba5 Bxf3 22. gxf3 Rd5 23. Bc3 Rfd8 24. Kh1 Rd3 25. Rae1 Rxf3 26. Re3 Rxe3 27. fxe3 f6 28. Kg2 Kf7 29. Kf3 Ke6 30. Ke4 Rd5 31. Bd4 Rh5 32. Rc1 Rh4+ 33. Kd3 Rxh2 34. Rc6+ Kf5 35. Rxa6 h5 36. a4 h4 37. Rc6 Ne5+ 38. Bxe5 fxe5 39. b4 Ra2 40. a5 h3 41. Rc8 g5 42. Rh8 g4 43. Kc4 h2 44. a6 g3 45. b5 Ra1 0-1

[Event "Hastings Masters 2024/25 98th"]
[Site "Hastings"]
[Date "2024.12.29"]
[Round "2.7"]
[White "Seo, Jung Min"]
[Black "Roux, Baptiste"]
[Result "1-0"]
[WhiteElo "2491"]
[BlackElo "2338"]
[PlyCount "77"]
[EventDate "2024.12.28"]
[EventType "swiss"]
[EventRounds "9"]
[EventCountry "ENG"]
[SourceTitle "BritBase"]
[Source "John Saunders"]
[SourceDate "2025.01.10"]
[SourceVersion "1"]
[SourceVersionDate "2025.01.10"]
[SourceQuality "1"]

1. e4 c5 2. Nf3 Nc6 3. Bb5 e6 4. c3 Nge7 5. O-O a6 6. Ba4 b5 7. Bc2 Bb7 8. Re1 Rc8 9. a4 b4 10. d4 bxc3 11. d5 cxb2 12. Bxb2 Nb4 13. Nbd2 c4 14. Bc3 Ng6 15. a5 Qc7 16. Ra4 Nxc2 17. Qxc2 Bc5 18. Bxg7 Rg8 19. Qc3 d6 20. Rxc4 Nf4 21. g3 e5 22. Bh6 Nh3+ 23. Kf1 Nxf2 24. Be3 Ng4 25. Bxc5 dxc5 26. Rc1 Qd7 27. Nxe5 Nxh2+ 28. Kg2 Qd6 29. Kxh2 f6 30. Nc6 Bxc6 31. Rxc5 Ke7 32. dxc6 Rg6 33. e5 Rh6+ 34. Kg1 Qe6 35. exf6+ Kf8 36. Qe5 Rxc6 37. Qb8+ Kf7 38. Qb7+ Kf8 39. Qe7+ 1-0

[Event "Hastings Masters 2024/25 98th"]
[Site "Hastings"]
[Date "2024.12.29"]
[Round "2.8"]
[White "Gasanov, Eldar"]
[Black "Boswell, Jacob Connor"]
[Result "1/2-1/2"]
[WhiteElo "2476"]
[BlackElo "2277"]
[PlyCount "56"]
[EventDate "2024.12.28"]
[EventType "swiss"]
[EventRounds "9"]
[EventCountry "ENG"]
[SourceTitle "BritBase"]
[Source "John Saunders"]
[SourceDate "2025.01.10"]
[SourceVersion "1"]
[SourceVersionDate "2025.01.10"]
[SourceQuality "1"]

1. d4 Nf6 2. Nf3 g6 3. g3 Bg7 4. Bg2 O-O 5. O-O d6 6. Re1 c5 7. c3 Bf5 8. dxc5 dxc5 9. Qxd8 Rxd8 10. Nfd2 Rd7 11. Nb3 Na6 12. Na3 Rc8 13. Bf4 Nh5 14. Be3 b6 15. Rad1 Nc7 16. Rxd7 Bxd7 17. Rd1 Nf6 18. Nc4 Ne6 19. Ne5 Ba4 20. Rd2 Ne8 21. Nc4 Rd8 22. f4 Bb5 23. Rxd8 Nxd8 24. Nbd2 Kf8 25. Kf2 Nd6 26. Na3 Bc6 27. Bxc6 Nxc6 28. Kf3 e5 1/2-1/2

[Event "Hastings Masters 2024/25 98th"]
[Site "Hastings"]
[Date "2024.12.29"]
[Round "2.9"]
[White "Bozinakis, Pavlos"]
[Black "Kaasen, Tor Fredrik"]
[Result "0-1"]
[WhiteElo "2271"]
[BlackElo "2473"]
[PlyCount "148"]
[EventDate "2024.12.28"]
[EventType "swiss"]
[EventRounds "9"]
[EventCountry "ENG"]
[SourceTitle "BritBase"]
[Source "John Saunders"]
[SourceDate "2025.01.10"]
[SourceVersion "1"]
[SourceVersionDate "2025.01.10"]
[SourceQuality "1"]

1. d4 Nf6 2. c4 g6 3. Nc3 Bg7 4. e4 d6 5. Nf3 O-O 6. Be2 e5 7. Be3 exd4 8. Nxd4 Re8 9. f3 c6 10. Bf2 d5 11. exd5 cxd5 12. O-O Nc6 13. c5 Nh5 14. Qd2 Be5 15. g3 Ng7 16. Rfd1 a6 17. Nb3 Bxc3 18. bxc3 Qf6 19. f4 Bf5 20. Bf1 Be4 21. Bd4 Nxd4 22. Qxd4 Qc6 23. Bh3 f5 24. c4 Rad8 25. Bf1 Ne6 26. cxd5 Bxd5 27. Qf6 Bxb3 28. axb3 Qxc5+ 29. Kh1 Qe7 30. Qe5 Rxd1 31. Rxd1 Ng7 32. Qd5+ Kh8 33. Bg2 b6 34. Bf3 Qe6 35. Qd3 a5 36. Kg2 h6 37. Qb5 Rc8 38. Rd2 g5 39. fxg5 hxg5 40. Bb7 Rc5 41. Qd3 Kh7 42. Bf3 Re5 43. Qd8 g4 44. Bd5 Qe8 45. Qd6 Qe7 46. Qc6 Re2+ 47. Rxe2 Qxe2+ 48. Kg1 Qe3+ 49. Kg2 Qc5 50. Qd7 b5 51. Qf7 Qc2+ 52. Kg1 Qc1+ 53. Kg2 Qb2+ 54. Kg1 a4 55. bxa4 bxa4 56. Qg8+ Kh6 57. Qf7 a3 58. Bc4 Qc1+ 59. Kg2 Qd2+ 60. Kg1 Qg5 61. Qd5 Qe7 62. Kg2 Qe4+ 63. Qxe4 fxe4 64. h3 Nf5 65. Ba2 gxh3+ 66. Kxh3 e3 67. Kg2 e2 68. Kf2 Nxg3 69. Ke1 Kg5 70. Kd2 Kf4 71. Bc4 Kf3 72. Bxe2+ Nxe2 73. Kc2 Nd4+ 74. Kc3 Ke3 0-1

[Event "Hastings Masters 2024/25 98th"]
[Site "Hastings"]
[Date "2024.12.29"]
[Round "2.10"]
[White "Kovchan, Alexander"]
[Black "Badacsonyi, Stanley"]
[Result "1/2-1/2"]
[WhiteElo "2455"]
[BlackElo "2266"]
[PlyCount "103"]
[EventDate "2024.12.28"]
[EventType "swiss"]
[EventRounds "9"]
[EventCountry "ENG"]
[SourceTitle "BritBase"]
[Source "John Saunders"]
[SourceDate "2025.01.10"]
[SourceVersion "1"]
[SourceVersionDate "2025.01.10"]
[SourceQuality "1"]

1. d4 Nf6 2. c4 g6 3. g3 Bg7 4. Bg2 d6 5. Nc3 O-O 6. Nf3 c5 7. d5 e6 8. O-O exd5 9. cxd5 Re8 10. Bf4 h6 11. Qc1 g5 12. Be3 Bf5 13. h4 g4 14. Nd2 Rxe3 15. fxe3 Bg6 16. Rf4 Qe7 17. Nde4 Nbd7 18. Nxf6+ Nxf6 19. Qd2 Re8 20. Raf1 h5 21. Kh2 Nd7 22. Ne4 Be5 23. Qa5 a6 24. Ng5 Bf6 25. Qc7 Bxg5 26. hxg5 Nf8 27. Qxe7 Rxe7 28. Rf6 Rd7 29. e4 Nh7 30. e5 dxe5 31. Rb6 Nxg5 32. Rc1 Be4 33. Rxc5 Bxg2 34. Kxg2 Ne4 35. Rc2 Kg7 36. d6 Rxd6 37. Rxb7 Rf6 38. Rb4 Ng5 39. Rbc4 Nh3 40. e4 Rd6 41. Rc6 Rd3 42. Rxa6 Re3 43. Rac6 Rxe4 44. b3 Re1 45. R6c5 f6 46. a4 Rg1+ 47. Kh2 Rb1 48. a5 Ng5 49. Ra2 Nf3+ 50. Kg2 Ne1+ 51. Kh2 Nf3+ 52. Kg2 1/2-1/2

[Event "Hastings Masters 2024/25 98th"]
[Site "Hastings"]
[Date "2024.12.29"]
[Round "2.11"]
[White "Steiners, Emils"]
[Black "Gormally, Daniel W"]
[Result "0-1"]
[WhiteElo "2209"]
[BlackElo "2424"]
[PlyCount "110"]
[EventDate "2024.12.28"]
[EventType "swiss"]
[EventRounds "9"]
[EventCountry "ENG"]
[SourceTitle "BritBase"]
[Source "John Saunders"]
[SourceDate "2025.01.10"]
[SourceVersion "1"]
[SourceVersionDate "2025.01.10"]
[SourceQuality "1"]

1. d4 Nf6 2. c4 g6 3. Nc3 Bg7 4. e4 d6 5. Be2 O-O 6. Bg5 h6 7. Be3 c5 8. d5 Nbd7 9. Qd2 Kh7 10. h3 b5 11. cxb5 a6 12. Nf3 Qa5 13. b6 Nxb6 14. a3 Bd7 15. O-O Na4 16. b4 Qd8 17. Nxa4 Bxa4 18. Bd3 c4 19. Bc2 c3 20. Qd1 Bxc2 21. Qxc2 Qd7 22. Nd4 Rfc8 23. Ne2 e6 24. dxe6 Qxe6 25. Ng3 Rc4 26. Rae1 Re8 27. f3 d5 28. exd5 Qxd5 29. Rd1 Qc6 30. Bf2 a5 31. bxa5 Qa4 32. Qd3 Rec8 33. Rc1 Qxa5 34. Rc2 Qxa3 35. Ne2 Qa5 36. Rd1 R4c7 37. Bd4 Nd5 38. Bxg7 Nb4 39. Qe3 Kxg7 40. Qd4+ Kh7 41. Rxc3 Rxc3 42. Nxc3 Nc2 43. Qf6 Qxc3 44. Qxf7+ Qg7 45. Qe6 Rc7 46. h4 Re7 47. Qb3 Ne3 48. Rd8 Nf5 49. h5 gxh5 50. Qb1 Qg6 51. Qb4 Re2 52. g4 hxg4 53. fxg4 Ng7 54. Rd1 Re4 55. Qc3 Qxg4+ 0-1

[Event "Hastings Masters 2024/25 98th"]
[Site "Hastings"]
[Date "2024.12.29"]
[Round "2.12"]
[White "Chandler, Cliff R"]
[Black "Golding, Alex"]
[Result "0-1"]
[WhiteElo "2161"]
[BlackElo "2405"]
[PlyCount "112"]
[EventDate "2024.12.28"]
[EventType "swiss"]
[EventRounds "9"]
[EventCountry "ENG"]
[SourceTitle "BritBase"]
[Source "John Saunders"]
[SourceDate "2025.01.10"]
[SourceVersion "1"]
[SourceVersionDate "2025.01.10"]
[SourceQuality "1"]

1. e4 e5 2. f4 exf4 3. Nf3 d6 4. Bc4 h6 5. b3 Nc6 6. Bb2 Nf6 7. Nc3 Bg4 8. Qe2 Be7 9. O-O-O Ne5 10. d4 Nxc4 11. Qxc4 O-O 12. e5 Nh5 13. Nd5 Rc8 14. Rhe1 Bh4 15. Nxh4 Qxh4 16. exd6 Bxd1 17. Ne7+ Kh8 18. Rxd1 Rce8 19. Qxc7 f3 20. gxf3 Qf4+ 21. Kb1 Rd8 22. d5 Qxd6 23. Qxd6 Rxd6 24. c4 Rd7 25. d6 Rfd8 26. Nf5 Kh7 27. c5 f6 28. b4 Kg6 29. Ne3 Nf4 30. Kc2 b6 31. Nd5 Ne6 32. Ba3 Kf7 33. Kb3 bxc5 34. bxc5 Rc8 35. Ne7 Nxc5+ 36. Kc4 Re8 37. Bxc5 Rexe7 38. Kd5 Rd8 39. Rb1 Re5+ 40. Kd4 Rd7 41. Rb8 g5 42. a4 a5 43. Ra8 Rf5 44. Kc4 Rb7 45. Rxa5 Ke6 46. Ra8 Rf4+ 47. Bd4 Rb1 48. Re8+ Kxd6 49. Rd8+ Kc7 50. Rd5 Rxf3 51. a5 Rc1+ 52. Kb5 Rb3+ 53. Ka6 Rc6+ 54. Bb6+ Rcxb6+ 55. axb6+ Rxb6+ 56. Ka5 Rd6 0-1

[Event "Hastings Masters 2024/25 98th"]
[Site "Hastings"]
[Date "2024.12.29"]
[Round "2.38"]
[White "Royal, Shreyas"]
[Black "Saunders, Aron"]
[Result "1-0"]
[WhiteElo "2522"]
[BlackElo "2106"]
[PlyCount "51"]
[EventDate "2024.12.28"]
[EventType "swiss"]
[EventRounds "9"]
[EventCountry "ENG"]
[SourceTitle "BritBase"]
[Source "John Saunders"]
[SourceDate "2025.01.10"]
[SourceVersion "1"]
[SourceVersionDate "2025.01.10"]
[SourceQuality "1"]

1. e4 c6 2. d4 d5 3. Nc3 dxe4 4. Nxe4 Bf5 5. Ng3 Bg6 6. h4 h6 7. Nf3 Nd7 8. Bd3 Bxd3 9. Qxd3 e6 10. Bf4 Qa5+ 11. Bd2 Bb4 12. c3 Be7 13. c4 Qc7 14. Nh5 g6 15. Ng7+ Kf8 16. Nxe6+ fxe6 17. Qxg6 Bf6 18. O-O-O c5 19. Rh3 cxd4 20. Bb4+ Ne7 21. Nxd4 Qxc4+ 22. Rc3 Qd5 23. Rf3 Rc8+ 24. Kb1 Qe5 25. Re3 Nc5 26. Bxc5 1-0

[Event "Hastings Masters 2024/25 98th"]
[Site "Hastings"]
[Date "2024.12.29"]
[Round "2.40"]
[White "Marusenko, Petr"]
[Black "Bazakutsa, Svyatoslav"]
[Result "1/2-1/2"]
[WhiteElo "2021"]
[BlackElo "2484"]
[PlyCount "202"]
[EventDate "2024.12.28"]
[EventType "swiss"]
[EventRounds "9"]
[EventCountry "ENG"]
[SourceTitle "BritBase"]
[Source "John Saunders"]
[SourceDate "2025.01.10"]
[SourceVersion "1"]
[SourceVersionDate "2025.01.10"]
[SourceQuality "1"]

1. d4 Nf6 2. c4 g6 3. Nc3 Bg7 4. g3 O-O 5. Bg2 d6 6. Nf3 Nbd7 7. O-O e5 8. e4 exd4 9. Nxd4 Re8 10. h3 Nc5 11. Re1 h6 12. Qc2 Ne6 13. Nf3 Nd7 14. Be3 Ne5 15. Nd2 c5 16. Rad1 a6 17. f4 Nc6 18. Nf3 Ned4 19. Qf2 Be6 20. e5 dxe5 21. fxe5 Qa5 22. Ne4 Nxf3+ 23. Bxf3 Nxe5 24. Nd6 Nxf3+ 25. Qxf3 Qxa2 26. Nxe8 Rxe8 27. Qxb7 Qxc4 28. Qc6 Rc8 29. Qg2 Rb8 30. Rd2 Rb3 31. Bf4 Kh7 32. Be5 Bxe5 33. Rxe5 Rxb2 34. Rxb2 Qd4+ 35. Kh2 Qxe5 36. Re2 Qf6 37. Qf2 Qe7 38. Qf4 h5 39. Qe5 h4 40. g4 g5 41. Rb2 f6 42. Qe4+ Kh6 43. Rb7 Qd6+ 44. Kg1 Qg3+ 45. Kf1 Qxh3+ 46. Ke1 Qc3+ 47. Kf2 Qd2+ 48. Kg1 Qd1+ 49. Kf2 Qd2+ 50. Kg1 Qd4+ 51. Qxd4 cxd4 52. Rb6 Bxg4 53. Rxf6+ Kh5 54. Rd6 Bf3 55. Rxd4 g4 56. Kf2 Bc6 57. Rd6 g3+ 58. Kg1 Bb7 59. Rd7 Bf3 60. Rh7+ Kg5 61. Rg7+ Kf6 62. Rh7 Kg5 63. Rg7+ Kh6 64. Rf7 Be2 65. Kg2 Bd3 66. Rf8 Kg5 67. Rg8+ Kf4 68. Rh8 Kg4 69. Rg8+ Kf4 70. Rh8 Be4+ 71. Kh3 Bf5+ 72. Kxh4 g2 73. Rg8 Kf3 74. Rg5 Bc8 75. Rg8 Bf5 76. Rg5 Bd7 77. Rg7 a5 78. Rf7+ Ke2 79. Re7+ Kf2 80. Rf7+ Ke3 81. Re7+ Kf4 82. Rf7+ Ke5 83. Rg7 Bc6 84. Kh3 Kd4 85. Kh2 Kc5 86. Rg4 Bd5 87. Kg1 Kb5 88. Rg5 Kc6 89. Rg4 Kc5 90. Kf2 Bc6 91. Kg1 Kb5 92. Rg5+ Kb4 93. Rg4+ Kb3 94. Rg3+ Kc4 95. Rg4+ Kc5 96. Kf2 Bd5 97. Ke3 a4 98. Kd2 Bf3 99. Rg3 Kd4 100. Kc1 Ke3 101. Rxg2 Bxg2 1/2-1/2

[Event "Hastings Masters 2024/25 98th"]
[Site "Hastings"]
[Date "2024.12.29"]
[Round "2.41"]
[White "Zhou, Yang-Fan"]
[Black "Lux, Hugo de Melo"]
[Result "1/2-1/2"]
[WhiteElo "2424"]
[BlackElo "2327"]
[PlyCount "75"]
[EventDate "2024.12.28"]
[EventType "swiss"]
[EventRounds "9"]
[EventCountry "ENG"]
[SourceTitle "BritBase"]
[Source "John Saunders"]
[SourceDate "2025.01.10"]
[SourceVersion "1"]
[SourceVersionDate "2025.01.10"]
[SourceQuality "1"]

1. e4 c5 2. Nf3 Nc6 3. d4 cxd4 4. Nxd4 e5 5. Nb5 d6 6. N1c3 a6 7. Na3 Be7 8. Nc4 b5 9. Ne3 Nf6 10. Bd3 O-O 11. O-O Rb8 12. Re1 Bb7 13. Nf5 Nd4 14. Nxd4 exd4 15. Ne2 Qb6 16. Ng3 Rfe8 17. a4 Bf8 18. Qd2 Bc6 19. axb5 axb5 20. b3 g6 21. Bb2 Bg7 22. Qb4 Ng4 23. h3 Ne5 24. Rad1 Qc5 25. Qd2 Ba8 26. Ne2 Nc4 27. bxc4 bxc4 28. Ba1 cxd3 29. cxd3 d5 30. Rc1 Qb6 31. Ng3 h5 32. Qf4 Be5 33. Qg5 Bf6 34. Qf4 Be5 35. Qg5 Bf6 36. Qf4 Be5 37. Qg5 Bxg3 38. Qxg3 1/2-1/2